000 00320nam a22001217a 4500
082 _a297
_bRAZ
_cMasjid
100 _aRazzaq, Hafiz Abdur Razzaq
_951318
245 _aدین ودانش
260 _aJehlum,
_bIdara Naqashbandi,
_c2000.
300 _a112p.
526 _a0
_b0
_c0
_d297_000000000000000_RAZ
942 _2ddc
_cBK
999 _c554033
_d554033